| 000 | 00884 a2200169 4500 | ||
|---|---|---|---|
| 003 | Nust | ||
| 005 | 20170207153349.0 | ||
| 040 | _cNust | ||
| 082 | _a539.7 | ||
| 110 | _aGreat Britain. Ministry of Supply. Division of Atomic Energy. | ||
| 245 |
_aBritain’s atomic factories; _bthe story of atomic energy production in Britain _cJay, Kenneth Edmund Brian. |
||
| 260 |
_aLondon _b H.M. Stationery Office _c1954 |
||
| 300 | _ax, 100 p. | ||
| 505 | _aThe Production Invision And Its Programme (Page-3), The Uranium Factory At Springfield’s (Page-11), The Plutonium Factory At Windscale (Page-21), The Uranium 235 Factory At Capenhurst (Page-43), Health Protection In The Production Factories (Page-55), How The Job Was Done- Risley’s Organization And Methods (Page-68), Risley And The Future (Page-79) | ||
| 538 | _aAlmirah No.17 Shelf No.4 | ||
| 650 | _aNuclear industry --Great Britain. | ||
| 942 |
_2ddc _cBK |
||
| 999 |
_c184472 _d184472 |
||